000 00794cam a22001815a 4500
001 L156162
008 120502s1816 xxk f 000 0 eng d
035 _a(Sirsi) u156162
041 0 _aeng
100 1 _aMorant, Philip
_d1700-1770
245 0 4 _aThe history and antiquities of the county of Essex
_bcompiled from the best and most ancient historians; from Domesday-book, Inquisitiones post mortem, and other the most valuable records and mss. &c. The whole digested, improved, perfected, and brought down to the present time
260 _aChelmsford
_bReprinted and sold by Meggy and Chalk
_c1816
300 _a2 v.
_bill., maps
_c41 cm.
583 0 _aCondition reviewed
_c20120620
_lcondition level 2 and 4, detached boards
651 4 _aEngland
_y886-
690 _aRural
_96268
942 _n0
999 _c114068
_d114068